| 000 | 00565nam a2200181 a 4500 | ||
|---|---|---|---|
| 005 | 20240425063957.0 | ||
| 008 | 020815s1968 mx r 000 0 spa d | ||
| 035 | _aUPN01000118241 | ||
| 049 | _aSEP | ||
| 050 | 4 |
_aLB475.6 Q57 _bC3.3 |
|
| 100 | 1 |
_aCastillo, Isidro, _d1900-1988 _932145 |
|
| 245 | 1 | 0 |
_aDon Vasco de Quiroga y los hospitales pueblos / _cIsidro Castillo. |
| 260 |
_aMéxico : _bSEP, _c1968. |
||
| 300 | _a109 p. | ||
| 600 | 1 | 4 |
_aQUIROGA, VASCO DE, _cFRAY, _d1470?-1565 |
| 650 | 4 |
_aIndígenas de México _xVida social y costumbres _95132 |
|
| 905 | _aLibro | ||
| 999 |
_c90619 _d90619 |
||